Konkurencieschopnosť vybraného slovenského výrobku bakalárska práca

Gespeichert in:
Bibliographische Detailangaben
1. Verfasser: Haňo, Ján
Körperschaft: Podnikovohospodárska fakulta EU so sídlom v Košiciach. Katedra marketingu a obchodu
Weitere Verfasser: Gontkovičová, Barbora, 1986-
Format: Buch
Sprache:Slowakisch
Veröffentlicht: Košice 2014
Tags: Tag hinzufügen
Keine Tags, Fügen Sie das erste Tag hinzu!

MARC

LEADER 00000nbm a2200000 4500
001 0191598
005 20170201085039.7
041 0 |a slo 
044 |a SK 
245 1 0 |a Konkurencieschopnosť vybraného slovenského výrobku  |b bakalárska práca  |c Ján Haňo ; školiteľ: Barbora Gontkovičová 
264 1 |a Košice  |c 2014 
300 |a 41 s. 
100 1 |a Haňo, Ján 
700 1 |a Gontkovičová, Barbora, 1986- 
710 2 |a Podnikovohospodárska fakulta EU so sídlom v Košiciach. Katedra marketingu a obchodu